000 00356nam a2200157Ia 4500
003 Ost
005 20260225132541.0
008 260225s9999||||xx |||||||||||||| ||und||
040 _cfsic
041 _afre
082 _a331.1
100 _aAlexondre Gouber
_eAuteur
245 0 _aEconomie et mieux etre /
245 0 _cAlexondre Gouber
942 _cكتاب
999 _c33536
_d33536